JEE advanced physics : (Record no. 170003)

MARC details
000 -LEADER
fixed length control field 00605nam a22001817a 4500
005 - DATE AND TIME OF LATEST TRANSACTION
control field 20191210111744.0
010 ## - LCCN (DPL NO)
LC control number ENG-127041
020 ## - INTERNATIONAL STANDARD BOOK NUMBER
Terms of availability 499.00
International Standard Book Number 9789353940324
035 ## - SYSTEM CONTROL NUMBER
System control number EN-110573
037 ## - SOURCE OF ACQUISITION
Source of stock number/acquisition DBAD/PUB
082 ## - DEWEY DECIMAL CLASSIFICATION NUMBER
Classification number 530
Edition number 3rd
100 ## - MAIN ENTRY--PERSONAL NAME
Personal name Sardana, Rahul
245 ## - TITLE STATEMENT
Title JEE advanced physics :
Statement of responsibility, etc by Rahul Sardana
Remainder of title optics /
260 ## - PUBLICATION, DISTRIBUTION, ETC. (IMPRINT)
Place of publication, distribution, etc Noida
Name of publisher, distributor, etc Pearson India Education
Date of publication, distribution, etc 2020
270 ## - ADDRESS
Address 15th Floor, Tower-B, World Trade Tower, Plot No.1, Block-C, Sector 16
City Noida, Uttar Pradesh
Postal code 201301
Telephone number 044-66540100
300 ## - PHYSICAL DESCRIPTION
Extent Various paging
Dimensions 25cm(pbk)
942 ## - ADDED ENTRY ELEMENTS (KOHA)
Source of classification or shelving scheme Dewey Decimal Classification
Item type English Books
Classification part 530
Call number suffix SAR
Holdings
Withdrawn status Lost status Not for loan Collection code Home library Current library Date acquired Source of acquisition Cost, normal purchase price Full call number Barcode Copy number Cost, replacement price Koha item type
      Non-fiction Sarojini Nagar Sarojini Nagar 10/12/2019 DBAD/PUB 499.00 530 SAR EN-110573 1 499.00 English Books

© Delhi Public Library
Hit Counter
free hit counter